Adivinhe o piloto pelas construtoras que jogou #1 - Statistics

Estatísticas Gerais
  • Esse quiz foi jogado 16 vezes
  • A pontuação média é 10 de 26
Estatísticas das Respostas
Construtoras Piloto % Correto
McLaren/Mercedes/Ferrari Hamilton
89%
Jordan/Benetton/Ferrari/Mercedes Schumacher
89%
Toro Rosso/RedBull Verstappen
89%
Minardi/Renault/McLaren/Ferrari/McLaren/Alpine/Aston Martin Alonso
78%
Toleman/Lotus/McLaren/Williams Senna
78%
BMW Sauber/Toro Rosso/RedBull/Ferrai/Aston Martin Vettel
78%
Williams/Mercedes/Alfa Romeo/Sauber/Cadillac Bottas
56%
McLaren Piastri
56%
Williams/Mercedes Russell
56%
Sauber/Ferrari/Williams Massa
44%
Williams/Benetton/Renault/Honda/Brawn GP/McLaren Button
33%
Lotus/McLaren/Fittipaldi Automative Fittipaldi
33%
Ensign/McLaren/Brabham/Williams/Lotus/Benetton Piquet
33%
Sauber/McLaren/Ferrari/Ferrari/Lotus/Alfa Romeo Raikkonen
33%
Williams/Mercedes Rosberg
33%
Jordan/Stewart/Ferrari/Honda/Brawn GP/Williams Barrichello
22%
Alfa Romeo/Maserati/Mercedes/Ferrari Fangio
22%
Brabham/Williams/Arrows/Jordan Hill
22%
Williams/McLaren Norris
22%
Lotus/McLaren Hakkinen
11%
Ferrari Ascari
0%
Arrows/Jaguar/McLaren/Sauber/HRT de la Rosa
0%
Hesketh/McLaren/Wolf Hunt
0%
Sauber/Williams/Renault/Alfa Romeo Kubica
0%
March/BRM/Ferrari/Brabham/McLaren Lauda
0%
McLaren/Renault/Ferrari/Williams Prost
0%
Nenhum quiz correspondente encontrado
Distribuição das Pontuações
Porcentagem de Pessoas com Cada Pontuação
Percentil de Números Respondidos
Sua Pontuação Histórica
Você não jogou esse quiz